00499nam a2200181 a 4500001001300000003000900013005001700022008004100039020002300080082001400103100001800117245006600135260003300201300001000234500003500244650002000279700001800299nice12345678IN_TiNIC20260116014016.0131003s2008 inda grp 000 0 eng  a9780143066552c32500a823bGHO3 aGhosh, Amitav aCalcutta Chromosomeb A Novel of Fevers, Delirium & Discovery aIndia bPenguin Books c2008 a262p  aincludes index and biblioraphy aEnglish-Fiction1 aGhosh, Amitav